| 000 | 00745nam a22002177a 4500 | ||
|---|---|---|---|
| 999 |
_c7495 _d7495 |
||
| 003 | AR-CdUCM | ||
| 008 | 190320b ||||| |||| 00| 0 spa d | ||
| 040 |
_aMUNICIPALIDAD PROVINCIAL DEL CUSCO _cBIBLIOTECA MUNICIPAL DEL CUSCO |
||
| 082 |
_a299.72 / _bP59 |
||
| 100 |
_aPiña Chan, Roman _921146 |
||
| 245 | _aQuetzalcóatl serpiente emplumada / | ||
| 260 |
_aMexico : _bFCE, _c1985. |
||
| 300 |
_a73 páginas ; _blaminas, fotografías, imágenes. _c21 cm. |
||
| 440 |
_aLecturas mexicanas _n69 _921147 |
||
| 505 | _aDe la magia a la religión -- De la religión al mito -- Del mito a la leyenda... | ||
| 650 |
_aMexico. _918 |
||
| 650 |
_aReligión mexicana. _921148 |
||
| 650 |
_aQuetzalcóatl. _94380 |
||
| 942 |
_2ddc _cLIBROS |
||
| 945 | _awfj | ||